Every Song by Sleep Token - Statistics

General Stats
  • This quiz has been taken 928 times
    696 since last reset
  • The average score is 45 of 54
Answer Stats
Album Song % Correct
Take Me Back to Eden(2023) Take Me Back to Eden
96%
Even in Arcadia(2025) Caramel
94%
Even in Arcadia(2025) Even in Arcadia
93%
Take Me Back to Eden(2023) The Summoning
92%
Even in Arcadia(2025) Infinite Baths
91%
This Place Will Become Your Tomb(2021) Alkaline
90%
Take Me Back to Eden(2023) Chokehold
90%
Even in Arcadia(2025) Emergence
90%
Even in Arcadia(2025) Damocles
89%
Take Me Back to Eden(2023) Euclid
89%
Even in Arcadia(2025) Gethsemane
89%
Take Me Back to Eden(2023) Granite
89%
Two(2017) Nazareth
89%
Take Me Back to Eden(2023) Vore
89%
Take Me Back to Eden(2023) DYWTYLM
88%
Two(2017) Jericho
88%
This Place Will Become Your Tomb(2021) Atlantic
87%
Even in Arcadia(2025) Dangerous
87%
Non-Album(2018) Jaws
87%
Even in Arcadia(2025) Look to Windward
87%
Sundowning(2019) The Night Does Not Belong to God
87%
Take Me Back to Eden(2023) Ascensionism
86%
Even in Arcadia(2025) Provider
86%
Take Me Back to Eden(2023) Rain
86%
Sundowning(2019) Sugar
86%
Two(2017) Calcutta
85%
Sundowning(2019) Gods
85%
Take Me Back to Eden(2023) Aqua Regia
84%
Sundowning(2019) Blood Sport
84%
Even in Arcadia(2025) Past Self
84%
Sundowning(2019) The Offering
84%
One(2016) Thread the Needle
84%
Take Me Back to Eden(2023) Are You Really Okay?
83%
Take Me Back to Eden(2023) The Apparition
83%
Sundowning(2019) Higher
82%
This Place Will Become Your Tomb(2021) Hypnosis
81%
This Place Will Become Your Tomb(2021) Mine
80%
One(2016) When the Bough Breaks
80%
One(2016) Fields of Elation
79%
Sundowning(2019) Give
79%
Sundowning(2019) Dark Signs
78%
This Place Will Become Your Tomb(2021) Missing Limbs
78%
This Place Will Become Your Tomb(2021) Telomeres
78%
This Place Will Become Your Tomb(2021) The Love You Want
78%
This Place Will Become Your Tomb(2021) Descending
77%
This Place Will Become Your Tomb(2021) Fall for Me
77%
This Place Will Become Your Tomb(2021) Like That
77%
This Place Will Become Your Tomb(2021) High Water
76%
Sundowning(2019) Levitate
75%
This Place Will Become Your Tomb(2021) Distraction
74%
Sundowning(2019) Take Aim
74%
Non-Album(2018) The Way That You Were
73%
Sundowning(2019) Drag Me Under
71%
Sundowning(2019) Say That You Will
71%
No matching quizzes found
Score Distribution
Percent of People with Each Score
Percentile by Number Answered
Your Score History
You have not taken this quiz since the last reset